<?xml version="1.0" encoding="UTF-8"?><?xml-stylesheet type="text/xsl" href="static/style.xsl"?><OAI-PMH xmlns="http://www.openarchives.org/OAI/2.0/" xmlns:xsi="http://www.w3.org/2001/XMLSchema-instance" xsi:schemaLocation="http://www.openarchives.org/OAI/2.0/ http://www.openarchives.org/OAI/2.0/OAI-PMH.xsd"><responseDate>2026-04-17T06:21:51Z</responseDate><request verb="GetRecord" identifier="oai:www.recercat.cat:10459.1/465334" metadataPrefix="marc">https://recercat.cat/oai/request</request><GetRecord><record><header><identifier>oai:recercat.cat:10459.1/465334</identifier><datestamp>2025-09-15T18:43:09Z</datestamp><setSpec>com_2072_3622</setSpec><setSpec>col_2072_479130</setSpec></header><metadata><record xmlns="http://www.loc.gov/MARC21/slim" xmlns:dcterms="http://purl.org/dc/terms/" xmlns:xsi="http://www.w3.org/2001/XMLSchema-instance" xmlns:doc="http://www.lyncode.com/xoai" xsi:schemaLocation="http://www.loc.gov/MARC21/slim http://www.loc.gov/standards/marcxml/schema/MARC21slim.xsd">
   <leader>00925njm 22002777a 4500</leader>
   <datafield ind2=" " ind1=" " tag="042">
      <subfield code="a">dc</subfield>
   </datafield>
   <datafield ind2=" " ind1=" " tag="720">
      <subfield code="a">Lega Lladós, Ferran</subfield>
      <subfield code="e">author</subfield>
   </datafield>
   <datafield ind2=" " ind1=" " tag="260">
      <subfield code="c">2022</subfield>
   </datafield>
   <datafield ind2=" " ind1=" " tag="520">
      <subfield code="a">Esta investigación aborda el concepto de ecología acústica con el objetivo de desarrollar un proyecto artístico que reflexiona sobre la escucha, el ser humano y su relación con el medioambiente, a través del agua como recurso hídrico en el contexto de los principales ecosistemas fluviales de la geografía catalana. Como elementos de origen, se expondrán diferentes proyectos de reconocidos artistas del paisaje sonoro que han abordado la construcción de mapas y cartografías sonoras de diferentes ecosistemas acuáticos de alrededor del mundo. Para el desarrollo de la investigación se han realizado grabaciones acústicas de diferentes ríos y mediante la utilización del método científico experimental, se han desarrollado cartografías visuales a través de fotografías utilizando la ciencia acústica de la cimática. Esto ha permitido hacer visibles los patrones de onda de los paisajes sonoros de cada lugar. Con todo ello se muestra un proyecto inédito que transformará los registros sonoros en cartografías ecoacústicas únicas a modo de huellas o improntas del lugar, conceptualmente similares a la construcción de espectrogramas, pero que en este caso son generadas sobre el propio material de registro.</subfield>
   </datafield>
   <datafield tag="653" ind2=" " ind1=" ">
      <subfield code="a">Cimática</subfield>
   </datafield>
   <datafield tag="653" ind2=" " ind1=" ">
      <subfield code="a">Cartografías sonoras</subfield>
   </datafield>
   <datafield tag="653" ind2=" " ind1=" ">
      <subfield code="a">Arte sonoro</subfield>
   </datafield>
   <datafield tag="653" ind2=" " ind1=" ">
      <subfield code="a">Ecología acústica</subfield>
   </datafield>
   <datafield tag="653" ind2=" " ind1=" ">
      <subfield code="a">Paisaje sonoro</subfield>
   </datafield>
   <datafield ind2="0" ind1="0" tag="245">
      <subfield code="a">Cartografías cimáticas a través de la ecología acústica de los principales sistemas fluviales de la geografía catalana</subfield>
   </datafield>
</record></metadata></record></GetRecord></OAI-PMH>